| 000 -ლიდერი |
| ფიქსირებული სიგრძის საკონტროლო ველი |
01386nam a22002297a 4500 |
| 003 - საკონტროლო ნომრის იდენტიფიკატორი |
| საკონტროლო ველი |
Ge_BSU |
| 005 - ბოლო ოპერაციის თარიღი და დრო |
| საკონტროლო ველი |
20250424101918.0 |
| 008 - ფიქსირებული სიგრძის მონაცემთა ელემენტები - ზოგადი ინფორმაცია |
| ფიქსირებული სიგრძის საკონტროლო ველი |
250424s2014 ge ||||| |||| 00| 0 geo d |
| 020 ## - წიგნის საერთაშორისო სტანდარტული ნომერი |
| International Standard Book Number |
9789941230103 |
| 041 ## - ენის კოდი |
| Language code of text/sound track or separate title |
geo |
| 080 ## - უნივერსალური ათობითი კლასიფიკაციის ინდექსი |
| Universal Decimal Classification number |
633.88 : 581.6:615.32 ს-22 |
| 245 ## - ცნობა სათაურის შესახებ |
| Title |
სამკურნალო მცენარეები : |
| Remainder of title |
აღწერა. მოყვანა. გამოყენება / |
| Statement of responsibility, etc |
მთარგმნ.: ნინო მარდალეიშვილი, მედეა მგალობლიშვილი; რედ. რუსუდან გორგაძე; კონსულტანტი დავით ვაშაძე. |
| 264 ## - წარმოების, გამოცემის, დისტრიბუციის და სხვა ცნობები |
| გამოცემის, წარმოების, დისტრიბუციის... ადგილი |
თბ. : |
| გამოცემის, წარმოების, დისტრიბუციის... სახელწოდება |
ბაკურ სულაკაურის გამ-ბა, |
| გამოცემის, წარმოების, დისტრიბუციის... თარიღი |
2014. |
| 300 ## - ფიზიკური აღწერა |
| Extent |
350 გვ. : |
| Other physical details |
ილ. ; |
| Dimensions |
24 სმ. |
| 500 ## - ზოგადი შენიშვნა |
| General note |
ლექსიკონი: გვ. 344-345. |
| 501 ## - შენიშვნა თანმხლებ მასალაზე |
| With note |
საძიებელი: გვ. 346-349. |
| 653 ## - INDEX TERM--UNCONTROLLED |
| Uncontrolled term |
სამკურნალო მცენარეები |
| 700 ## - ADDED ENTRY--PERSONAL NAME |
| Personal name |
მარდალეიშვილი, ნინო |
| Relator term |
მთარგმნელი |
| 9 (RLIN) |
24926 |
| 700 ## - ADDED ENTRY--PERSONAL NAME |
| Personal name |
მგალობლიშვილი, მედეა |
| Relator term |
მთარგმნელი |
| 9 (RLIN) |
24927 |
| 700 ## - ADDED ENTRY--PERSONAL NAME |
| Personal name |
გორგაძე, რუსუდან |
| Relator term |
რედაქტორი |
| 9 (RLIN) |
24928 |
| 942 ## - ADDED ENTRY ELEMENTS (KOHA) |
| Source of classification or shelving scheme |
|
| Koha item type |
წიგნი |